[Event "Elit(Rockaden,Sthlm-Orgryte)"]
[Site "?"]
[Date "2014.11.22"]
[Round "2"]
[White "Virolainen, Victor"]
[Black "Karlsson, Lars"]
[Result "0-1"]
[WhiteElo "2162"]
[BlackElo "2430"]
[PlyCount "98"]

1. e4 g6 2. d4 Bg7 3. Nc3 d6 4. Bc4 Nf6 5. h3 O-O 6. Nf3 c5 7. d5 b5 8. Nxb5
Nxe4 9. O-O a6 10. Na3 Nf6 11. Re1 Nbd7 12. Bb3 Nb6 13. c4 e6 14. dxe6 Bxe6 15.
Ng5 Qd7 16. Be3 Bf5 17. Bc2 Rfd8 18. Qe2 Bxc2 19. Qxc2 Qc6 20. Rad1 Rac8 21. b3
h6 22. Nf3 d5 23. Ne5 Qb7 24. cxd5 Nbxd5 25. Nac4 Nb4 26. Qe2 Nfd5 27. Qf3 Qc7
28. Ng4 Nc2 29. Nxh6+ Bxh6 30. Bxh6 Nxe1 31. Rxe1 Re8 32. Rd1 Rcd8 33. g3 Ne7
34. Rf1 Nf5 35. Bg5 Nd4 36. Qf6 Qb7 37. f3 Qc7 38. f4 Rd5 39. Qb6 Qd7 40. g4
Ne6 41. Qxa6 Rd1 42. Ne3 Rxf1+ 43. Nxf1 Qd4+ 44. Kg2 Qd5+ 45. Kg3 Nd4 46. Nh2
Re2 47. Qc8+ Kh7 48. Bh6 Qg2+ 49. Kh4 Ne6 0-1

[Event "Elit(Rockaden,Sthlm-Orgryte)"]
[Site "?"]
[Date "2014.11.22"]
[Round "2"]
[White "Lokander, Martin"]
[Black "Fransson, Patrick"]
[Result "1-0"]
[WhiteElo "2362"]
[BlackElo "2132"]
[PlyCount "85"]

1. d4 f5 2. Nc3 d5 3. Bf4 Nf6 4. e3 e6 5. Nf3 Be7 6. Ne5 O-O 7. Be2 a6 8. O-O
c5 9. dxc5 Bxc5 10. Na4 Bd6 11. Nf3 b5 12. Nc3 Bb7 13. a4 b4 14. Nb1 Nc6 15.
Bxd6 Qxd6 16. Nd4 Ne7 17. Nb3 Rac8 18. c4 Rfd8 19. c5 Qd7 20. N1d2 Nc6 21. f4
Qe7 22. Nf3 Ne4 23. Rc1 Rd7 24. Nfd4 g6 25. Nxc6 Rxc6 26. Qd4 Qd8 27. Rc2 Ba8
28. Qxb4 Rb7 29. Qa3 Rbc7 30. Rfc1 Qe7 31. Bb5 e5 32. Bxc6 Bxc6 33. Na5 g5 34.
fxe5 Qxe5 35. Nxc6 Rxc6 36. Qd3 Rh6 37. g3 f4 38. exf4 gxf4 39. c6 fxg3 40. c7
gxh2+ 41. Kh1 Qxc7 42. Rg2+ Rg6 43. Rxc7 1-0

[Event "Elit(Rockaden,Sthlm-Orgryte)"]
[Site "?"]
[Date "2014.11.22"]
[Round "2"]
[White "Kumar, Rahul"]
[Black "Hedman, Erik"]
[Result "0-1"]
[WhiteElo "2176"]
[BlackElo "2370"]
[PlyCount "112"]

1. e4 c5 2. Nf3 e6 3. c3 d5 4. e5 d4 5. b4 dxc3 6. bxc5 cxd2+ 7. Nbxd2 Bxc5 8.
Rb1 Nc6 9. Bb5 Nge7 10. O-O Nd5 11. Qa4 O-O 12. Bxc6 bxc6 13. Qxc6 Qc7 14. Qxc7
Nxc7 15. Ne4 Bb6 16. Ba3 Rd8 17. Rfd1 Bb7 18. Nd6 Bxf3 19. gxf3 Nd5 20. Rdc1
Nf4 21. Rc2 Rab8 22. Rb3 h6 23. Rc4 Bd4 24. Rxb8 Rxb8 25. Rc8+ Rxc8 26. Nxc8
Nd3 27. f4 Nxf4 28. Ne7+ Kh7 29. Nc6 Bb6 30. Kf1 Kg6 31. Bf8 h5 32. a4 a5 33.
Ba3 Kf5 34. Bb2 Nd3 35. Bc3 Nc5 36. Nxa5 Nxa4 37. Bb4 Bxa5 38. Bxa5 Nb2 39. Kg2
Nd3 40. Bc3 Nxe5 41. Bd4 Ke4 42. Bb6 Nf3 43. Ba5 Kf4 44. Bd8 f6 45. Be7 Nh4+
46. Kg1 Kf3 47. Kf1 Ng6 48. Bd6 e5 49. Bc5 Nf4 50. Bf8 Ne6 51. Bd6 e4 52. Bb8
h4 53. Bd6 h3 54. Be7 f5 55. Bd6 g6 56. Be5 Nc5 0-1

[Event "Elit(Rockaden,Sthlm-Orgryte)"]
[Site "?"]
[Date "2014.11.22"]
[Round "2"]
[White "Engqvist, Thomas"]
[Black "Eksmyr, Johan"]
[Result "1-0"]
[WhiteElo "2353"]
[BlackElo "2164"]
[PlyCount "77"]

1. e4 c6 2. d4 d5 3. e5 Bf5 4. h4 h5 5. Bg5 Qb6 6. Bd3 Qxd4 7. Nf3 Qg4 8. O-O
f6 9. Be3 Nd7 10. Be2 Qg6 11. c4 e6 12. Qb3 Bc5 13. Qxb7 Rb8 14. Qxc6 Ne7 15.
Qc7 Bh3 16. Ne1 Bxe3 17. fxe3 Rxb2 18. Nc3 Nxe5 19. Rf2 Rb6 20. Nb5 dxc4 21.
Nd6+ Rxd6 22. Qxd6 N5c6 23. Bxc4 Kf7 24. Bd3 Bf5 25. Bxf5 exf5 26. Rc1 Rd8 27.
Qc7 Rc8 28. Qf4 Kg8 29. Qc4+ Kh7 30. Qa4 Qg3 31. Qf4 Qg6 32. Nf3 Rd8 33. Qa4
Rd6 34. Rfc2 Ne5 35. Nxe5 fxe5 36. Qxa7 e4 37. Qxe7 Rd3 38. Qf8 Rxe3 39. Rc8
1-0

[Event "Elit(Team Viking-Limhamn)"]
[Site "?"]
[Date "2014.11.23"]
[Round "3"]
[White "Hector, Jonny"]
[Black "Cramling, Pia"]
[Result "1/2-1/2"]
[WhiteElo "2483"]
[BlackElo "2512"]
[PlyCount "89"]

1. e4 c5 2. Nf3 e6 3. d4 cxd4 4. Nxd4 Nc6 5. Nc3 Qc7 6. Be3 a6 7. Qf3 b5 8.
Nxc6 dxc6 9. e5 Bb7 10. O-O-O Ne7 11. Ne4 Nd5 12. Qg3 O-O-O 13. Bc5 Bxc5 14.
Nxc5 Kb8 15. Bd3 g6 16. Be4 Qb6 17. Bxd5 Qxc5 18. Bf3 Rd4 19. Rxd4 Qxd4 20. Rd1
Qb6 21. Qh4 Qc7 22. Rd6 c5 23. Qf4 h5 24. Bxb7 Qxb7 25. f3 Rc8 26. Qd2 Ka7 27.
b3 Rc7 28. h4 b4 29. Qd3 Qb5 30. Kd2 c4 31. Qd4+ Kb7 32. bxc4 Rxc4 33. Rd7+ Rc7
34. Qe4+ Kb6 35. Qd4+ Kb7 36. Rxc7+ Kxc7 37. Qd6+ Kb7 38. Qe7+ Kb6 39. Qd6+ Ka5
40. Kc1 Qc4 41. Kb2 Qc3+ 42. Kb1 Qe1+ 43. Kb2 Qc3+ 44. Kb1 Qe1+ 45. Kb2 1/2-1/2

[Event "Elit(Team Viking-Limhamn)"]
[Site "?"]
[Date "2014.11.23"]
[Round "3"]
[White "Berg, Emanuel"]
[Black "Johansson, Linus"]
[Result "1-0"]
[WhiteElo "2545"]
[BlackElo "2396"]
[PlyCount "119"]

1. e4 e6 2. d4 d5 3. Nc3 Bb4 4. e5 c5 5. a3 Bxc3+ 6. bxc3 Ne7 7. Qg4 cxd4 8.
Bd3 Qc7 9. Ne2 dxc3 10. Qxg7 Rg8 11. Qxh7 Qxe5 12. Bf4 Qf6 13. h4 Nd7 14. Bg5
Qh8 15. Qxh8 Rxh8 16. Nxc3 a6 17. h5 f6 18. Bd2 Nc5 19. g4 e5 20. g5 fxg5 21.
Bxg5 Nxd3+ 22. cxd3 Bf5 23. Bf6 Rh6 24. Bxe5 Bxd3 25. Kd2 Bh7 26. Ne2 Rc8 27.
Nd4 Nf5 28. Rac1 Rxc1 29. Kxc1 Nxd4 30. Bxd4 Be4 31. Rh3 Bf5 32. Re3+ Kd7 33.
Re5 Rxh5 34. Rxd5+ Kc6 35. Rc5+ Kd6 36. Kd2 Bg4 37. Rc3 Rh3 38. Be3 Bf3 39. a4
Ke6 40. Rc7 Bc6 41. a5 Rh5 42. Bb6 Rh3 43. Rg7 Ra3 44. Rg5 Rf3 45. Ke2 Rf5 46.
Rg6+ Ke5 47. Bc7+ Kd4 48. Rg4+ Kd5 49. Ke3 Rh5 50. Re4 Rh3+ 51. f3 Kc5 52. Rf4
Rxf3+ 53. Rxf3 Bxf3 54. Kxf3 Kc6 55. Bb6 Kd7 56. Ke4 Kc8 57. Kd5 Kb8 58. Kd6
Ka8 59. Kd7 Kb8 60. Bc7+ 1-0

[Event "Elit(Team Viking-Limhamn)"]
[Site "?"]
[Date "2014.11.23"]
[Round "3"]
[White "Brynell, Stellan"]
[Black "Agrest, Evgenij"]
[Result "0-1"]
[WhiteElo "2457"]
[BlackElo "2587"]
[PlyCount "86"]
[EventDate "2014.??.??"]

1. d4 d5 2. c4 c6 3. Nf3 Nf6 4. Nc3 e6 5. Bg5 Nbd7 6. e3 Qa5 7. cxd5 Nxd5 8.
Rc1 Nxc3 9. bxc3 Ba3 10. Rc2 b6 11. Be2 Ba6 12. O-O Bxe2 13. Qxe2 O-O 14. Rd1
Rfe8 15. Bf4 Rac8 16. c4 Bf8 17. h3 Qa4 18. Qd3 h6 19. Qb3 Qa5 20. e4 Red8 21.
Bd2 Qh5 22. Re1 e5 23. d5 f5 24. exf5 Qxf5 25. Rc3 cxd5 26. cxd5 Nc5 27. Qb5 e4
28. Nd4 Qxd5 29. Be3 a6 30. Qb1 Nd3 31. Rxc8 Rxc8 32. Rd1 Bc5 33. Nc2 Kh8 34.
Rd2 Qe5 35. Bxc5 bxc5 36. Ne3 c4 37. g3 Rb8 38. Qd1 c3 39. Re2 Qd4 40. Rc2 Rf8
41. Kg2 Kh7 42. h4 Rf3 43. Re2 Rxe3 0-1

[Event "Elit(Team Viking-Limhamn)"]
[Site "?"]
[Date "2014.11.23"]
[Round "3"]
[White "Nithander, Victor"]
[Black "Jepson, Christian"]
[Result "1/2-1/2"]
[WhiteElo "2428"]
[BlackElo "2415"]
[PlyCount "113"]

1. e4 e5 2. Nf3 Nc6 3. Bb5 a6 4. Ba4 Nf6 5. O-O Be7 6. Re1 b5 7. Bb3 O-O 8. h3
d6 9. c3 a5 10. a4 b4 11. d4 bxc3 12. Nxc3 Nxd4 13. Nxd4 exd4 14. Qxd4 Rb8 15.
Bc2 c6 16. Rb1 Nd7 17. Bf4 Ne5 18. Red1 Qc7 19. Qe3 Nc4 20. Qc1 Bf6 21. Bd3 Ne5
22. Nd5 Qd8 23. Nxf6+ Qxf6 24. Bg3 Rb4 25. Bc2 c5 26. Qd2 Nc4 27. Qe2 Re8 28.
b3 Na3 29. Rbc1 Nxc2 30. Qxc2 Rd4 31. e5 dxe5 32. Qxc5 Qd8 33. Rxd4 exd4 34.
Bc7 Qd7 35. Bxa5 Bb7 36. Rd1 d3 37. Qb5 Qxb5 38. axb5 Re5 39. Rxd3 h6 40. b6
Rxa5 41. Rd7 Bd5 42. b7 Bxb7 43. Rxb7 Ra1+ 44. Kh2 Ra2 45. Kg3 Rb2 46. Kf3 h5
47. g3 g6 48. h4 Kg7 49. b4 Kf6 50. b5 Rb3+ 51. Kg2 Ke6 52. b6 Kf6 53. Rb8 Kf5
54. Kf1 Rb2 55. Kg2 Ke5 56. Kf3 Kf5 57. Kg2 1/2-1/2

[Event "Elit(Team Viking-Limhamn)"]
[Site "?"]
[Date "2014.11.23"]
[Round "3"]
[White "Schneider, Stefan"]
[Black "Westerberg, Jonathan"]
[Result "0-1"]
[WhiteElo "2390"]
[BlackElo "2392"]
[PlyCount "88"]
[EventDate "2014.??.??"]

1. d4 d5 2. Nf3 Nf6 3. c4 dxc4 4. e3 b5 5. a4 b4 6. Bxc4 e6 7. Qe2 Bb7 8. O-O
Be7 9. Nbd2 O-O 10. Rd1 c5 11. Nb3 Nbd7 12. a5 Qc7 13. Bd2 cxd4 14. Nbxd4 Rac8
15. Rdc1 Qb8 16. a6 Ba8 17. Bb5 Bc5 18. Bd3 e5 19. Bf5 exd4 20. exd4 Bxf3 21.
Qxf3 Bxd4 22. Rxc8 Rxc8 23. Rd1 Rd8 24. Qb7 Qe5 25. Bxd7 Rxd7 26. Qc8+ Qe8 27.
Qxe8+ Nxe8 28. Be3 Bxe3 29. Rxd7 Bb6 30. Rb7 Kf8 31. Kf1 Nc7 32. Ke2 Ne6 33. f4
Nc5 34. Rb8+ Ke7 35. Rh8 h6 36. g4 Na4 37. h4 Nxb2 38. h5 Nc4 39. Kd3 b3 40.
Rc8 Ne3 41. Kc3 Nxg4 42. Rg8 Kf6 43. Kxb3 Nf2 44. Kc3 Nh3 0-1

[Event "Elit(Team Viking-Limhamn)"]
[Site "?"]
[Date "2014.11.23"]
[Round "3"]
[White "Bellon Lopez, Juan"]
[Black "Lindgren, Philip"]
[Result "1/2-1/2"]
[WhiteElo "2412"]
[BlackElo "2353"]
[PlyCount "148"]

1. d4 d5 2. Bf4 c5 3. e3 cxd4 4. exd4 Nc6 5. c3 Nf6 6. Bd3 Bg4 7. Qb3 Qc8 8.
Nd2 e6 9. h3 Bh5 10. Ngf3 Be7 11. Ne5 a6 12. g4 Bg6 13. Be2 Nd7 14. Nxg6 hxg6
15. Nf3 Nf6 16. Ne5 Ne4 17. Bf3 Nd6 18. Kf1 g5 19. Nxc6 Qxc6 20. Bxd6 Qxd6 21.
Kg2 g6 22. c4 dxc4 23. Qxc4 O-O 24. Rad1 Rac8 25. Qb3 Rc7 26. Rhe1 Rfc8 27. Be4
Kg7 28. d5 e5 29. Rd3 Rc4 30. Rc3 Rxc3 31. bxc3 b5 32. Bd3 Bd8 33. c4 e4 34.
Rxe4 Bc7 35. Bf1 Qh2+ 36. Kf3 Bb6 37. Qb2+ Kg8 38. Bg2 Qg1 39. Qe2 bxc4 40. d6
Qa1 41. Bf1 Qf6+ 42. Kg2 Qxd6 43. Rxc4 Rd8 44. Re4 Qc6 45. Qf3 Rd6 46. Re7
Qxf3+ 47. Kxf3 Rf6+ 48. Ke4 Bxf2 49. Re8+ Kg7 50. Bc4 Rf4+ 51. Kd3 a5 52. Re4
Rf6 53. Re5 Bb6 54. Rxg5 Rf3+ 55. Ke2 Re3+ 56. Kd1 Rxh3 57. Rb5 Bd8 58. Rd5 Rc3
59. Bb3 Bb6 60. Rd6 Bg1 61. Ke2 Rc7 62. Ra6 Rc5 63. Rd6 Re5+ 64. Kf1 Bc5 65.
Rd5 Rxd5 66. Bxd5 f6 67. Kg2 Kh6 68. Kf3 Kg5 69. Bf7 a4 70. a3 Bxa3 71. Be8 f5
72. gxf5 gxf5 73. Bxa4 f4 74. Bd7 Bb4 1/2-1/2

[Event "Elit(Team Viking-Limhamn)"]
[Site "?"]
[Date "2014.11.23"]
[Round "3"]
[White "Penalver, Osmani"]
[Black "Sagit, Rauan"]
[Result "0-1"]
[WhiteElo "2269"]
[BlackElo "2360"]
[PlyCount "142"]

1. d4 f5 2. Nf3 Nf6 3. g3 g6 4. Bg2 Bg7 5. b3 O-O 6. Bb2 Ne4 7. O-O a5 8. c4 c6
9. Ne5 d6 10. Nd3 a4 11. f3 Ng5 12. Nd2 a3 13. Bc3 c5 14. e3 Ne6 15. Nf4 Nxf4
16. gxf4 Nc6 17. Nb1 cxd4 18. exd4 Qb6 19. Kh1 Nxd4 20. Re1 e5 21. Qc1 Qc5 22.
Qd2 Qc6 23. fxe5 dxe5 24. f4 e4 25. Qf2 Rd8 26. Rd1 Ne6 27. Rxd8+ Nxd8 28. Bxg7
Kxg7 29. Nc3 Qf6 30. Qe1 Be6 31. Rd1 Nf7 32. Nb5 Qe7 33. Qe3 Rd8 34. Rxd8 Qxd8
35. Qc1 Qd3 36. Nxa3 Kg8 37. Nc2 Qc3 38. Qd1 Qa5 39. Nd4 Bd7 40. a4 Qc3 41. Ne2
Qe3 42. a5 Be6 43. Nd4 Bc8 44. Ne2 g5 45. fxg5 f4 46. Ng1 f3 47. Nxf3 exf3 48.
Bxf3 Kg7 49. Bd5 Ne5 50. Qh5 Qe1+ 51. Kg2 Ng6 52. Qh6+ Kh8 53. Kf3 Qc3+ 54. Kf2
Qd2+ 55. Kf3 Qxa5 56. Qh5 Qe1 57. Qh6 Qc3+ 58. Kf2 Qb2+ 59. Ke3 Qc3+ 60. Kf2
Qc2+ 61. Ke3 Qxb3+ 62. Kd4 Qb2+ 63. Kc5 b6+ 64. Kc6 Qb4 65. Kc7 Qc5+ 66. Bc6
Bg4 67. Kb7 Qxc4 68. Kxb6 Qd4+ 69. Kb7 Qd8 70. h4 Bc8+ 71. Kb8 Bd7+ 0-1

[Event "Elit(Team Viking-Limhamn)"]
[Site "?"]
[Date "2014.11.23"]
[Round "3"]
[White "Lindberg, Bo"]
[Black "Golubenko, Valeri"]
[Result "1-0"]
[WhiteElo "2412"]
[BlackElo "2252"]
[PlyCount "127"]

1. d4 d5 2. c4 e6 3. Nc3 Be7 4. cxd5 exd5 5. Bf4 Nf6 6. e3 O-O 7. Bd3 c5 8.
Nge2 a6 9. dxc5 Bxc5 10. O-O Nc6 11. Rc1 h6 12. Bb1 Ba7 13. Qb3 Qa5 14. Rfd1
Rd8 15. h3 Qb4 16. Qxb4 Nxb4 17. Bc7 Re8 18. a3 Nc6 19. Nxd5 Nxd5 20. Rxd5 Be6
21. Rdd1 Rac8 22. Bd6 Red8 23. Nf4 Bb3 24. Rd3 Ba4 25. Bc5 Bxc5 26. Rxc5 Bb5
27. Rxd8+ Rxd8 28. Rd5 Rc8 29. Bf5 Re8 30. Bd3 Ba4 31. Rc5 Rd8 32. h4 Kf8 33.
Kf1 Ne7 34. Ke2 Bc6 35. g3 b6 36. Rc3 a5 37. h5 Rc8 38. Rb3 Rb8 39. Bb5 Bxb5+
40. Rxb5 Ke8 41. e4 Kd7 42. Nd5 Nxd5 43. Rxd5+ Kc7 44. Rf5 f6 45. Rd5 Re8 46.
Kd3 Re6 47. b4 axb4 48. axb4 Re8 49. b5 Ra8 50. Ke3 Ra2 51. f4 Ra3+ 52. Kf2
Ra2+ 53. Kf3 Ra3+ 54. Kg4 Re3 55. e5 Rc3 56. exf6 gxf6 57. Kf5 Rxg3 58. Kxf6
Rg4 59. Kf5 Rg8 60. Ke6 Re8+ 61. Kf7 Re4 62. f5 Rc4 63. Kg6 Rc5 64. Rxc5+ 1-0

[Event "Elit(Orgryte-Vasteras)"]
[Site "?"]
[Date "2014.11.23"]
[Round "3"]
[White "Pohjala, Henri"]
[Black "Ziegler, Ari"]
[Result "0-1"]
[WhiteElo "2408"]
[BlackElo "2323"]
[PlyCount "80"]

1. d4 Nf6 2. Bg5 Ne4 3. Bf4 c5 4. f3 Nf6 5. d5 Qb6 6. Nc3 Qxb2 7. Bd2 Qb6 8. e4
e6 9. f4 c4 10. Rb1 Qd8 11. d6 Bxd6 12. e5 Bc7 13. exf6 Qxf6 14. Qf3 d5 15.
Bxc4 dxc4 16. Rxb7 Bxf4 17. Bxf4 Bxb7 18. Qxb7 Qxc3+ 19. Bd2 Qa1+ 20. Kf2 Qd4+
21. Be3 Qd5 22. Qc8+ Qd8 23. Qb7 Nd7 24. Nf3 O-O 25. Rd1 Nc5 26. Rxd8 Nxb7 27.
Rd7 Na5 28. Ng5 h6 29. Ne4 Nc6 30. Rc7 Rfc8 31. Rb7 Rab8 32. Rd7 Ne5 33. Rxa7
Ra8 34. Rb7 Rxa2 35. Bd4 Rxc2+ 36. Kg3 Nc6 37. Bc5 Na5 38. Rd7 Re2 39. Nc3 Re5
40. Bd4 Rg5+ 0-1

[Event "Elit(Orgryte-Vasteras)"]
[Site "?"]
[Date "2014.11.23"]
[Round "3"]
[White "Frisk Kockum, Anton"]
[Black "Sjodahl, Pontus"]
[Result "0-1"]
[WhiteElo "2373"]
[BlackElo "2419"]
[PlyCount "108"]

1. d4 Nf6 2. c4 e6 3. Nf3 d5 4. Nc3 Bb4 5. cxd5 exd5 6. Bg5 h6 7. Bh4 c5 8.
dxc5 g5 9. Bg3 Nc6 10. e3 Ne4 11. Rc1 Qa5 12. a3 Bxc3+ 13. bxc3 Qxa3 14. Bd3
Qxc5 15. Bxe4 dxe4 16. Bd6 Qc4 17. Ne5 Nxe5 18. Bxe5 O-O 19. Qh5 Qe6 20. Bd4
Kh7 21. f4 exf3 22. O-O Qg4 23. Qxg4 Bxg4 24. gxf3 Be6 25. Rf2 b5 26. Rb2 Bc4
27. h4 gxh4 28. Rh2 a5 29. Rxh4 a4 30. Kf2 Ra6 31. Bc5 Rd8 32. Rch1 a3 33. Be7
Rd2+ 34. Kg3 a2 35. Ra1 Rd3 36. Kf4 Re6 37. Bf8 Rd8 38. Bc5 Rf6+ 39. Kg3 Rg6+
40. Kf4 Rdg8 41. e4 Rf6+ 42. Ke3 Rg3 43. Rf4 Rfg6 44. Rh4 Rg1 45. Rh1 Rxa1 46.
Rxa1 Rg2 47. Bd4 Kg6 48. f4 f6 49. f5+ Kf7 50. e5 Re2+ 51. Kf4 fxe5+ 52. Bxe5
Bd3 53. Rd1 Re4+ 54. Kf3 Rxe5 0-1

[Event "Elit(Orgryte-Vasteras)"]
[Site "?"]
[Date "2014.11.23"]
[Round "3"]
[White "Akesson, Ralf"]
[Black "Tukhaev, Adam"]
[Result "1/2-1/2"]
[WhiteElo "2500"]
[BlackElo "2542"]
[PlyCount "93"]

1. Nf3 g6 2. d4 Nf6 3. c4 Bg7 4. Nc3 d5 5. cxd5 Nxd5 6. e4 Nxc3 7. bxc3 c5 8.
Be3 Qa5 9. Qd2 b6 10. Rc1 Ba6 11. d5 Bxf1 12. Kxf1 Nd7 13. c4 Qa3 14. Qc2 O-O
15. h4 e6 16. dxe6 fxe6 17. Rh3 Nf6 18. Ng5 Ng4 19. Re1 Rae8 20. h5 h6 21. Nf3
g5 22. e5 Rd8 23. Bxg5 Rd3 24. Bf6 Nxf6 25. exf6 Rxf6 26. Ng5 Rxh3 27. Qh7+ Kf8
28. Nxh3 Qxa2 29. Rd1 Qxc4+ 30. Kg1 Rf7 31. Qg6 Bd4 32. Qxh6+ Ke7 33. Qg5+ Kd7
34. Qg8 Re7 35. Qa8 Kd6 36. Ng5 Qe2 37. Rf1 Qxh5 38. Ne4+ Kd7 39. Qxa7+ Ke8 40.
Qb8+ Kf7 41. Qxb6 Qe2 42. Nd6+ Kg6 43. Qd8 Bxf2+ 44. Rxf2 Qe1+ 45. Rf1 Qe3+ 46.
Rf2 Qe1+ 47. Rf1 1/2-1/2

[Event "Elit(Orgryte-Vasteras)"]
[Site "?"]
[Date "2014.11.23"]
[Round "3"]
[White "Arnelind, Mikael"]
[Black "Eriksson, Anders"]
[Result "1/2-1/2"]
[WhiteElo "2184"]
[BlackElo "2289"]
[PlyCount "155"]
[SourceDate "2014.11.28"]

1. d4 Nf6 2. c4 e6 3. Nc3 Bb4 4. e3 c5 5. Bd3 d5 6. Nf3 dxc4 7. Bxc4 cxd4 8.
exd4 O-O 9. O-O Nc6 10. Bg5 Be7 11. Re1 b6 12. a3 Bb7 13. Ba2 Rc8 14. Qd3 Nd5
15. Bb1 g6 16. Bh6 Re8 17. Ne4 Bf8 18. Bxf8 Rxf8 19. Ba2 Nce7 20. Rad1 Nf5 21.
Ne5 Nd6 22. f3 Kg7 23. Qd2 Nf5 24. Ng5 Qd6 25. Qf2 h6 26. Ne4 Qe7 27. Ng3 Nd6
28. Ng4 Rfd8 29. Ne4 Nf5 30. Ng3 Nxg3 31. hxg3 Nf6 32. Ne5 Bd5 33. Bb1 Rc7 34.
Qe3 Rdc8 35. Qd3 Qe8 36. Kh2 Ng8 37. Qe3 Qb5 38. Qd2 a5 39. Bd3 Qb3 40. Rb1 Qa4
41. Qf4 g5 42. Qe3 Bb3 43. Ng4 Rd7 44. Qe5+ f6 45. Qe4 Qxd4 46. Qg6+ Kf8 47.
Rbc1 Rcd8 48. Rc3 Rg7 49. Qh5 Ba4 50. Re4 Qd7 51. Bc4 Re8 52. Rd3 Qf7 53. Qh3
f5 54. Ne5 fxe4 55. Nxf7 exd3 56. Nd6 d2 57. Be2 Ree7 58. Qg4 d1=Q 59. Bxd1
Bxd1 60. Qd4 Rd7 61. Qxb6 Rge7 62. Nc4 a4 63. Ne5 Bb3 64. Qc6 Rc7 65. Qe4 Bc2
66. Qd4 Rb7 67. Nc6 Bb3 68. Qd8+ Kf7 69. Ne5+ Kg7 70. Qd4 Nf6 71. Ng4 Rf7 72.
Ne5 Rfc7 73. Qd3 Bc2 74. Qd6 Bb3 75. Qd3 Bc2 76. Qd6 Bb3 77. Qd3 Bc2 78. Qd6
1/2-1/2

[Event "Elit(Orgryte-Vasteras)"]
[Site "?"]
[Date "2014.11.23"]
[Round "3"]
[White "Norberg, Johan"]
[Black "Eksmyr, Johan"]
[Result "1-0"]
[WhiteElo "2305"]
[BlackElo "2164"]
[PlyCount "83"]

1. g3 Nf6 2. Bg2 g6 3. e4 d6 4. d4 Nbd7 5. Nc3 Bg7 6. Nf3 O-O 7. O-O c6 8. Qe2
e5 9. dxe5 dxe5 10. Rd1 Re8 11. a4 a5 12. Qc4 Qe7 13. b3 Qb4 14. Nd2 Nb6 15.
Qxb4 axb4 16. Na2 Bf8 17. Bb2 c5 18. c4 Bd7 19. Nc1 Bc6 20. Nd3 Nbd7 21. f3 Nh5
22. Nf1 Bh6 23. Bh3 f5 24. Re1 fxe4 25. Bxd7 Bxd7 26. Nxc5 Bc6 27. Nxe4 Rad8
28. Rad1 Bg7 29. Kg2 Nf6 30. Rxd8 Rxd8 31. Nxf6+ Bxf6 32. Kf2 Rd3 33. Re3 Rd1
34. Bxe5 Be7 35. Ke2 Rb1 36. Bd4 Kf7 37. Nd2 Rh1 38. Nf1 Bg5 39. Rd3 Bd7 40. g4
Bh4 41. Bf2 Bxf2 42. Kxf2 1-0

[Event "Elit(Orgryte-Vasteras)"]
[Site "?"]
[Date "2014.11.23"]
[Round "3"]
[White "Kumar, Rahul"]
[Black "Janse, Rasmus"]
[Result "1/2-1/2"]
[WhiteElo "2176"]
[BlackElo "2229"]
[PlyCount "101"]

1. e4 e6 2. d4 d5 3. e5 c5 4. c3 Qb6 5. Nf3 Nc6 6. Be2 Nh6 7. Bxh6 gxh6 8. Qd2
Bg7 9. O-O O-O 10. Na3 cxd4 11. cxd4 f6 12. exf6 Rxf6 13. Nc2 Bd7 14. b4 Raf8
15. a4 Be8 16. a5 Qc7 17. b5 Ne7 18. Ra3 Bh5 19. Ne5 Bxe2 20. Qxe2 Rf4 21. b6
axb6 22. axb6 Qd6 23. Rg3 Nf5 24. Rg4 Rxg4 25. Qxg4 h5 26. Qxh5 Nxd4 27. Nxd4
Qxe5 28. Qxe5 Bxe5 29. Nxe6 Rf6 30. f4 Rxe6 31. fxe5 Rxb6 32. Kf2 Rb2+ 33. Ke3
Rb4 34. Kd3 Re4 35. Rb1 Rxe5 36. Rxb7 Rh5 37. h3 Rg5 38. Rb2 Kf7 39. Re2 Kf6
40. Kd4 h5 41. Rf2+ Ke6 42. Ra2 Kf6 43. Re2 Kf7 44. Kd3 Kf6 45. Kd4 Kf7 46. Rb2
Ke6 47. Re2+ Kf7 48. h4 Rg4+ 49. Kxd5 Rxh4 50. Ke5 Kg6 51. g3 1/2-1/2

[Event "Elit(Orgryte-Vasteras)"]
[Site "?"]
[Date "2014.11.23"]
[Round "3"]
[White "Bergstrom, Peter"]
[Black "Virolainen, Victor"]
[Result "1/2-1/2"]
[WhiteElo "2303"]
[BlackElo "2162"]
[PlyCount "64"]

1. e4 e5 2. Nf3 Nc6 3. Nc3 Nf6 4. g3 Bc5 5. Bg2 O-O 6. O-O Re8 7. d3 a6 8. Be3
Nd4 9. Qd2 Nxf3+ 10. Bxf3 Bxe3 11. Qxe3 d6 12. Bg2 c6 13. h3 d5 14. exd5 Nxd5
15. Qc5 Nxc3 16. bxc3 Qe7 17. Qb6 Qa3 18. c4 Qc3 19. Qb3 Qxb3 20. axb3 Bf5 21.
Rfe1 f6 22. b4 Rac8 23. Ra5 Bg6 24. Bf3 Rc7 25. h4 Rce7 26. Be4 f5 27. Bg2 e4
28. d4 e3 29. Re5 Rxe5 30. dxe5 Rxe5 31. Rxe3 Rxe3 32. fxe3 Kf7 1/2-1/2

[Event "Elit(Orgryte-Vasteras)"]
[Site "?"]
[Date "2014.11.23"]
[Round "3"]
[White "Fransson, Patrick"]
[Black "Orndahl, Markus"]
[Result "1/2-1/2"]
[WhiteElo "2132"]
[BlackElo "2194"]
[PlyCount "177"]

1. d4 d5 2. Bg5 h6 3. Bh4 c5 4. e3 Nc6 5. c3 Qb6 6. Qb3 c4 7. Qxb6 axb6 8. e4
e6 9. Nd2 b5 10. Be2 dxe4 11. f3 exf3 12. Bxf3 Nge7 13. Ne2 Nf5 14. Bf2 Be7 15.
O-O O-O 16. a4 Rxa4 17. Rxa4 bxa4 18. Nxc4 Bd7 19. Nb6 Be8 20. Ra1 Na5 21. Nxa4
Bc6 22. Nb6 Bxf3 23. gxf3 Nc6 24. b4 Nd6 25. Bg3 Nb5 26. Kf2 Rd8 27. Nc4 Bf6
28. Ne5 Nxe5 29. Bxe5 Bxe5 30. dxe5 Rc8 31. Rc1 Na3 32. Ke3 Kh7 33. Kd4 Rc4+
34. Kd3 Rh4 35. Ra1 Nc4 36. f4 Nb2+ 37. Kc2 Rxh2 38. Kxb2 Rxe2+ 39. Kb3 Rd2 40.
Ra7 Rd7 41. c4 g5 42. fxg5 hxg5 43. c5 Rc7 44. Kc3 Kg6 45. Kd4 Kf5 46. b5 Rd7+
47. Ke3 Rd5 48. Rxb7 Rxc5 49. Rxf7+ Kxe5 50. b6 Rb5 51. b7 Rb3+ 52. Kf2 Ke4 53.
Rg7 Kf5 54. Rf7+ Ke5 55. Rg7 Kd6 56. Rxg5 Rxb7 57. Ke2 Rb3 58. Rh5 e5 59. Rh4
Kd5 60. Ra4 Ke6 61. Re4 Rb2+ 62. Ke1 Kf5 63. Re3 Kf4 64. Rc3 e4 65. Ra3 Rh2 66.
Rb3 Rh8 67. Ke2 Ra8 68. Rc3 Ra2+ 69. Ke1 Rb2 70. Ra3 Rb4 71. Ke2 Rb5 72. Ke1
Rc5 73. Rb3 Re5 74. Ra3 Rf5 75. Rb3 Rg5 76. Ke2 Rg8 77. Ra3 Rg2+ 78. Ke1 Rb2
79. Rc3 Rb5 80. Ke2 Rf5 81. Ra3 Rf8 82. Rb3 Rf7 83. Ra3 Rh7 84. Rb3 Rh2+ 85.
Ke1 Rh8 86. Ke2 Rd8 87. Rc3 Rd3 88. Rxd3 exd3+ 89. Kxd3 1/2-1/2

[Event "Elit(Solna-LASK)"]
[Site "?"]
[Date "2014.11.23"]
[Round "3"]
[White "Semcesen, Daniel"]
[Black "Valmana Canto, Jaime"]
[Result "1/2-1/2"]
[WhiteElo "2482"]
[BlackElo "2373"]
[PlyCount "147"]
[SourceDate "2014.11.29"]

1. d4 Nf6 2. c4 e6 3. Nc3 Bb4 4. a3 Bxc3+ 5. bxc3 O-O 6. f3 Ne8 7. Nh3 d6 8.
Bg5 f6 9. Bh4 Nc6 10. e4 e5 11. Nf2 Ne7 12. c5 Ng6 13. Bc4+ Kh8 14. Bg3 Qe7 15.
cxd6 Nxd6 16. Be2 f5 17. dxe5 Nxe4 18. Nxe4 fxe4 19. Qd4 exf3 20. Bxf3 Be6 21.
O-O Rad8 22. Qb4 b6 23. Qxe7 Nxe7 24. Bh4 Rd7 25. Rad1 Ng6 26. Rxd7 Bxd7 27.
Bg3 Be6 28. Rd1 Kg8 29. Be4 Ne7 30. Rd2 g5 31. h3 Kg7 32. Kh2 Ng6 33. Bf3 Kf7
34. Be4 Kg7 35. Kg1 Rf7 36. Rd8 Rf8 37. Rd2 Rf7 38. Bc6 Rf8 39. Kh2 Ne7 40. Bf3
Ng6 41. Be2 Kf7 42. Bd3 Kg7 43. Be2 Nf4 44. Bd1 Nd5 45. Bf3 Ne3 46. Kg1 Nc4 47.
Rd4 c5 48. Rd1 Nxa3 49. Ra1 Nb5 50. Bc6 Nxc3 51. Rxa7+ Rf7 52. Ra6 Ne2+ 53. Kh2
Rc7 54. Rxb6 Nxg3 55. Kxg3 Bf5 56. Kf3 c4 57. Be4 Bxe4+ 58. Kxe4 c3 59. Rb1 c2
60. Rc1 Kg6 61. Kd3 Kf5 62. e6 Kxe6 63. Rxc2 Rxc2 64. Kxc2 Kf5 65. Kd3 Kf4 66.
Ke2 Kg3 67. Kf1 Kh2 68. Kf2 h5 69. Kf3 Kg1 70. Kg3 Kh1 71. Kf2 h4 72. Kf1 Kh2
73. Kf2 Kh1 74. Kf1 1/2-1/2

[Event "Elit(Solna-LASK)"]
[Site "?"]
[Date "2014.11.23"]
[Round "3"]
[White "Jonsson, Mikael"]
[Black "Grandelius, Nils"]
[Result "0-1"]
[WhiteElo "2309"]
[BlackElo "2573"]
[PlyCount "92"]

1. d4 Nf6 2. c4 g6 3. Nc3 d5 4. cxd5 Nxd5 5. e4 Nxc3 6. bxc3 Bg7 7. Nf3 c5 8.
Bb5+ Nd7 9. O-O O-O 10. Bg5 Nf6 11. Re1 h6 12. Bf4 Bg4 13. Qd2 g5 14. Bg3 Nh5
15. Rad1 Qa5 16. Be2 Nxg3 17. hxg3 cxd4 18. cxd4 Qxd2 19. Rxd2 Rfd8 20. Red1
Rac8 21. Kf1 Bd7 22. Rb1 b6 23. Nh2 Ba4 24. d5 Bc3 25. Rd3 Bc2 26. Rc1 Bxd3 27.
Bxd3 Bg7 28. Rd1 Rc3 29. a4 Rdc8 30. Ng4 Rc1 31. Ke2 Rxd1 32. Kxd1 Rc3 33. Ke2
Ra3 34. Bb5 Ra2+ 35. Ke3 h5 36. Nh2 g4 37. Nf1 Bh6+ 38. f4 gxf3+ 39. Kxf3 a6
40. Bc6 Bg7 41. g4 Bd4 42. Kg3 hxg4 43. Kxg4 Rxg2+ 44. Kh3 Re2 45. Ng3 Re3 46.
Kg2 Bc5 0-1

[Event "Elit(Solna-LASK)"]
[Site "?"]
[Date "2014.11.23"]
[Round "3"]
[White "Johansson, Gunnar"]
[Black "Tikkanen, Hans"]
[Result "0-1"]
[WhiteElo "2240"]
[BlackElo "2543"]
[PlyCount "52"]

1. d4 d5 2. c4 c6 3. Nf3 Nf6 4. e3 Bf5 5. Nc3 e6 6. Nh4 Be4 7. f3 Bg6 8. Nxg6
hxg6 9. Qb3 Qc7 10. g3 Nbd7 11. Kf2 g5 12. Bd2 Bd6 13. Kg2 g4 14. f4 dxc4 15.
Bxc4 b5 16. Be2 b4 17. Na4 c5 18. Rhd1 Qc6+ 19. Kg1 Ke7 20. Bf1 c4 21. Qc2 Rxh2
22. e4 Rah8 23. Bg2 Rxg2+ 24. Kxg2 Nxe4 25. d5 Qxd5 26. Be1 Nd2+ 0-1